[Event "9th Sunway Sitges 2022"]
[Site "Sitges ESP"]
[Date "2022.12.19"]
[Round "7.30"]
[White "Gines Esteo, Pedro Antonio"]
[Black "Injac, Teodora"]
[Result "1/2-1/2"]
[WhiteTitle "GM"]
[BlackTitle "WGM"]
[WhiteElo "2500"]
[BlackElo "2365"]
[WhiteFideId "32080190"]
[BlackFideId "932400"]
[EventDate "2022.12.12"]

1. d4 Nf6 2. c4 e6 3. Nf3 d5 4. g3 Bb4+ 5. Bd2 Be7 6. Bg2 O-O 7. O-O c6 8. Bc3
a5 9. a4 Na6 10. Ne5 Nb4 11. Nd2 Nd7 12. Nxd7 Bxd7 13. e4 Be8 14. Qb3 f5 15.
cxd5 exd5 16. exf5 Bd7 17. g4 Bd6 18. Bxb4 Bxb4 19. Nf3 g6 20. fxg6 Bxg4 21.
gxh7+ Kxh7 22. Ne5 Bf5 23. f4 Qh4 24. Qe3 Bd6 25. Rf3 Rf6 26. Qf2 Rh6 27. h3 Rf8
28. Rg3 Rg8 29. Rxg8 Kxg8 30. Re1 Bxh3 31. Bxh3 Qxh3 32. Qg2+ Kf8 33. f5 Qh4 34.
Rd1 Bxe5 35. dxe5 Rh5 36. Qf3 Rg5+ 37. Kf1 Qc4+ 38. Rd3 Qc1+ 39. Rd1 Qc4+ 40.
Rd3 Rg4 41. b3 Qc1+ 42. Ke2 Rf4 43. Qh3 Qc2+ 44. Ke1 Qf2+ 45. Kd1 Qf1+ 46. Qxf1
Rxf1+ 47. Kc2 Rxf5 48. Rh3 Rxe5 49. Rh8+ Kg7 50. Rb8 Re7 51. Ra8 Kf6 52. Rxa5
Ke5 53. Kd3 Kd6 54. b4 Rh7 55. Ra7 Rh3+ 56. Kc2 Kc7 57. Ra8 b6 58. Ra7+ Kb8 59.
Rd7 Ra3 60. b5 c5 61. Rxd5 Rxa4 62. Rh5 Rb4 63. Rh8+ Kc7 64. Rh7+ Kc8 65. Rh8+
Kd7 66. Rh7+ Kd8 67. Rh8+ Ke7 68. Rh7+ Ke8 69. Kc3 Rxb5 70. Kc4 Rb1 71. Rg7 Kd8
72. Rh7 Rd1 73. Kb5 Rd6 74. Rg7 Kc8 75. Rh7 Kd8 76. Rg7 Ke8 77. Rh7 Kf8 78. Rc7
Re6 79. Rb7 Ke8 80. Rh7 c4 81. Kxc4 Re7 82. Rxe7+ Kxe7 83. Kb5 Kd6 84. Kxb6 1/2-1/2

[Event "9th Sunway Sitges 2022"]
[Site "Sitges ESP"]
[Date "2022.12.19"]
[Round "7.31"]
[White "Wadsworth, Matthew J"]
[Black "Nandhidhaa, P V"]
[Result "1/2-1/2"]
[WhiteTitle "IM"]
[BlackTitle "WGM"]
[WhiteElo "2470"]
[BlackElo "2358"]
[WhiteFideId "415804"]
[BlackFideId "5050847"]
[EventDate "2022.12.12"]

1. Nf3 c5 2. c4 Nc6 3. Nc3 Nf6 4. g3 d5 5. cxd5 Nxd5 6. Bg2 Nxc3 7. bxc3 e5 8.
d3 Be7 9. O-O O-O 10. Nd2 Bd7 11. Rb1 Rb8 12. Nc4 b5 13. Ne3 Bd6 14. Bb2 a6 15.
a4 Ne7 16. axb5 axb5 17. Ra1 Qb6 18. Qb3 Be6 19. Qa3 c4 20. Qa6 Bc5 21. Qxb6
Rxb6 22. d4 exd4 23. cxd4 Bd6 24. d5 Bc8 25. Bd4 Rb8 26. Rfc1 Re8 27. Nd1 Nf5
28. Ba7 Ra8 29. Nc3 b4 30. Nb5 Bd7 31. Nxd6 Nxd6 32. e4 Nb5 33. Rxc4 b3 34. Rb4
Rxa7 35. Rxa7 Nxa7 36. Rxb3 Nb5 37. f4 f6 38. Rb4 Kf8 39. Kf2 Ra8 40. e5 Ra2+
41. Kg1 Rd2 42. Ra4 Nc3 43. Ra8+ Ke7 44. d6+ Ke6 45. Ra7 f5 46. Bf1 Rd1 47. Kf2
Ne4+ 48. Kg2 Rd2+ 49. Kg1 Rd1 50. Kg2 Rd2+ 51. Kg1 1/2-1/2

[Event "9th Sunway Sitges 2022"]
[Site "Sitges ESP"]
[Date "2022.12.19"]
[Round "7.32"]
[White "Jubin, Jimmy"]
[Black "Sousa, Andre Ventura"]
[Result "1-0"]
[WhiteTitle "FM"]
[BlackTitle "IM"]
[WhiteElo "2376"]
[BlackElo "2466"]
[WhiteFideId "46686614"]
[BlackFideId "1917617"]
[EventDate "2022.12.12"]

1. d4 Nf6 2. c4 e6 3. g3 c5 4. d5 exd5 5. cxd5 d6 6. Nc3 g6 7. Bg2 Bg7 8. Nf3
O-O 9. O-O Re8 10. Bf4 Bf5 11. Qb3 Na6 12. Rfe1 Nh5 13. Bg5 Qd7 14. Nh4 Rab8 15.
e4 Bh3 16. Bf3 Bg4 17. Qb5 Nb4 18. Qxd7 Bxd7 19. Bxh5 gxh5 20. Red1 Nc2 21. Rac1
Nd4 22. f3 b5 23. Kf2 a5 24. Bf4 Rb6 25. Nb1 a4 26. Nd2 Ra6 27. Ng2 f5 28. Re1
Kf7 29. Ne3 Bf6 30. h4 Rc8 31. Nd1 Re8 32. Ne3 Bg7 33. Kg2 Bf6 34. Kf2 c4 35.
Nexc4 bxc4 36. Nxc4 fxe4 37. fxe4 Be5 38. Ke3 Nb5 39. Rc2 Kg6 40. Rd2 Bg7 41.
Kf2 Be5 42. Ke3 Bg4 43. Bxe5 dxe5 44. d6 Rc6 45. b3 Rc5 46. Rf1 Be6 47. Rdf2
Rxc4 48. bxc4 Nxd6 49. c5 Nc4+ 50. Kd3 Kg7 51. Rb1 Rd8+ 52. Kc3 Rc8 53. Rb7+ Kg8
54. Kb4 a3 55. Rf6 Nb2 56. Rxe6 Nd3+ 57. Kb5 Rxc5+ 58. Kb6 Rc8 59. Ree7 Nf2 60.
Rg7+ Kh8 61. Rxh7+ Kg8 62. Rxh5 Nxe4 63. Rxe5 Nc3 64. Rc7 Rb8+ 65. Ka7 1-0

[Event "9th Sunway Sitges 2022"]
[Site "Sitges ESP"]
[Date "2022.12.19"]
[Round "7.33"]
[White "Velten, Paul"]
[Black "Dalaud, Dorian"]
[Result "0-1"]
[WhiteTitle "GM"]
[BlackTitle "FM"]
[WhiteElo "2465"]
[BlackElo "2342"]
[WhiteFideId "681091"]
[BlackFideId "36093270"]
[EventDate "2022.12.12"]

1. d4 Nf6 2. c4 g6 3. Nc3 Bg7 4. e4 d6 5. Be2 O-O 6. Nf3 e5 7. O-O exd4 8. Nxd4
Re8 9. f3 c6 10. Kh1 Nbd7 11. Nb3 a5 12. a4 Qb6 13. Bf4 Ne5 14. Bg3 Be6 15. Bf2
Qd8 16. c5 d5 17. f4 Neg4 18. f5 gxf5 19. exf5 Nxf2+ 20. Rxf2 Bd7 21. Bd3 Re3
22. h3 Qc7 23. Rf3 Rae8 24. Bc2 Bc8 25. Rxe3 Rxe3 26. Qg1 Qg3 27. Nd2 Ng4 28.
hxg4 Qh4+ 29. Qh2 Re1+ 30. Rxe1 Qxe1+ 31. Qg1 Qxd2 32. Qd1 Qh6+ 33. Kg1 Qe3+ 34.
Kf1 b6 35. Qd3 Qc1+ 36. Nd1 Qf4+ 37. Ke1 bxc5 38. Qe2 Qg3+ 39. Kf1 Qf4+ 40. Ke1
Qg3+ 41. Kf1 Kf8 42. b3 Bd4 43. Bd3 c4 44. bxc4 Ba6 45. Qf3 Qxf3+ 46. gxf3 Bxc4
47. Bxc4 dxc4 48. Ke2 Ke7 49. Ne3 Bxe3 50. Kxe3 Kd6 51. f4 Kd5 52. g5 c3 0-1

[Event "9th Sunway Sitges 2022"]
[Site "Sitges ESP"]
[Date "2022.12.19"]
[Round "7.34"]
[White "Mathieu, Phileas"]
[Black "Ayats Llobera, Gerard"]
[Result "1/2-1/2"]
[WhiteTitle "FM"]
[BlackTitle "IM"]
[WhiteElo "2367"]
[BlackElo "2464"]
[WhiteFideId "36048410"]
[BlackFideId "32067607"]
[EventDate "2022.12.12"]

1. c4 Nf6 2. Nc3 e6 3. e4 c5 4. e5 Ng8 5. Nf3 Nc6 6. d4 cxd4 7. Nxd4 Nxe5 8.
Ndb5 a6 9. Nd6+ Bxd6 10. Qxd6 f6 11. f4 Nf7 12. Qb4 Ne7 13. Be3 Qc7 14. g3 d6
15. Bg2 Nc6 16. Qa3 O-O 17. O-O Bd7 18. Rfd1 f5 19. Rac1 Rac8 20. b4 Nb8 21. c5
d5 22. Qb3 Rce8 23. a4 Nc6 24. b5 Na5 25. Qb4 Nc4 26. Bd4 Qa5 27. Qb3 Rc8 28.
Bf1 Rfd8 29. Bxc4 dxc4 30. Qxc4 axb5 31. axb5 Nd6 32. Qe2 Nf7 33. Qb2 e5 34.
fxe5 Be6 35. Ne2 Ng5 36. Be3 Rxd1+ 37. Rxd1 Nf3+ 38. Kg2 Qa4 39. Nc3 Qg4 40. Qe2
Nxe5 41. Qxg4 Nxg4 42. Bd4 Kf7 43. h3 Nf6 44. Be3 Nd7 45. Nd5 h6 46. h4 Ke8 47.
b6 Rc6 48. Nb4 Rc8 49. Nd5 Rc6 50. Nb4 Rc8 1/2-1/2

[Event "9th Sunway Sitges 2022"]
[Site "Sitges ESP"]
[Date "2022.12.19"]
[Round "7.35"]
[White "Akbas, Umut Ata"]
[Black "Fernandez Guillen, Ernesto J."]
[Result "1/2-1/2"]
[WhiteTitle "FM"]
[BlackTitle "IM"]
[WhiteElo "2351"]
[BlackElo "2462"]
[WhiteFideId "44572646"]
[BlackFideId "3512428"]
[EventDate "2022.12.12"]

1. e4 c5 2. Nf3 d6 3. Nc3 a6 4. g3 e5 5. Bg2 Nc6 6. h3 Nd4 7. Nxd4 cxd4 8. Ne2
Nf6 9. O-O h5 10. d3 Be7 11. c3 dxc3 12. Nxc3 b5 13. Be3 Bd7 14. d4 Rc8 15. a3
Rc4 16. f4 Qc7 17. Kh1 Bc6 18. Rc1 Qb7 19. b3 Rxc3 20. Rxc3 Nxe4 21. Bxe4 Bxe4+
22. Kh2 h4 23. g4 exf4 24. Bxf4 g5 25. d5 O-O 26. Qd4 Qxd5 27. Qxd5 Bxd5 28. Be3
Be4 29. Bd4 f6 30. Rc7 Rf7 31. Rfc1 d5 32. Kg1 Bxa3 33. Rxf7 Kxf7 34. Rc7+ Kg6
35. Rc6 Be7 36. b4 Kf7 37. Rxa6 f5 38. Ra7 1/2-1/2

[Event "9th Sunway Sitges 2022"]
[Site "Sitges ESP"]
[Date "2022.12.19"]
[Round "7.36"]
[White "Alexiadis, Hristos"]
[Black "Goh, Wei Ming Kevin"]
[Result "0-1"]
[WhiteTitle "FM"]
[BlackTitle "GM"]
[WhiteElo "2342"]
[BlackElo "2452"]
[WhiteFideId "4249623"]
[BlackFideId "5800706"]
[EventDate "2022.12.12"]

1. d4 Nf6 2. Nf3 g6 3. Bg5 Bg7 4. c3 O-O 5. Nbd2 h6 6. Bh4 d6 7. e4 c5 8. dxc5
dxc5 9. Be2 Nc6 10. O-O Nh5 11. Qc2 Rb8 12. a4 Qc7 13. Nc4 b6 14. Rad1 g5 15.
Bg3 Nxg3 16. hxg3 a6 17. Ne3 e6 18. Nh2 b5 19. axb5 axb5 20. f4 c4 21. Rf2 Qa7
22. Nhf1 Ne7 23. e5 Nf5 24. Nxf5 exf5 25. Bf3 Be6 26. Kh2 b4 27. Bd5 bxc3 28.
bxc3 Rfc8 29. Rfd2 Bf8 30. g4 gxf4 31. gxf5 Bxd5 32. Rxd5 Qe7 33. f6 Qe6 34. g3
Rc5 35. gxf4 Rxd5 36. Qg2+ Kh8 37. Rxd5 Rb2 38. Nd2 Qf5 39. Qf3 h5 40. Kh1 Rc2
41. Rd8 Kh7 42. Ne4 Rc1+ 43. Kg2 Rc2+ 44. Kf1 Rc1+ 45. Ke2 Rc2+ 46. Kd1 Rh2 47.
Rxf8 Qd7+ 48. Nd6 Qa4+ 49. Ke1 Qa1+ 50. Qd1 Qxc3+ 0-1

[Event "9th Sunway Sitges 2022"]
[Site "Sitges ESP"]
[Date "2022.12.19"]
[Round "7.37"]
[White "Nigmatov, Ortik"]
[Black "Pourkashiyan, Atousa"]
[Result "1-0"]
[WhiteTitle "IM"]
[BlackTitle "WGM"]
[WhiteElo "2439"]
[BlackElo "2321"]
[WhiteFideId "14202131"]
[BlackFideId "12502014"]
[EventDate "2022.12.12"]

1. e4 e5 2. Nf3 Nf6 3. Nxe5 d6 4. Nf3 Nxe4 5. Nc3 Nxc3 6. dxc3 Be7 7. Be3 Nc6 8.
Qd2 Ne5 9. Be2 Nxf3+ 10. Bxf3 O-O 11. O-O-O c6 12. Kb1 Be6 13. h4 Qa5 14. a3
Rfd8 15. Bg5 Qc7 16. Bf4 a5 17. h5 b5 18. h6 g6 19. Bg5 f6 20. Qd4 Kf7 21. Bf4
Qd7 22. Rhe1 d5 23. Re2 Bf8 24. g4 Bxg4 25. Bg5 Bxf3 26. Qxf6+ Kg8 27. Qxf3 Re8
28. Rde1 Rxe2 29. Qxe2 Qf5 30. f4 Bc5 31. b4 axb4 32. cxb4 Bd4 33. Qd2 Bf6 34.
Qe3 Kf7 35. Qb6 Bxg5 36. Qb7+ 1-0

[Event "9th Sunway Sitges 2022"]
[Site "Sitges ESP"]
[Date "2022.12.19"]
[Round "7.38"]
[White "Vitier Vazquez, Cristian"]
[Black "Bhambure, Shantanu"]
[Result "0-1"]
[WhiteTitle "FM"]
[BlackTitle "FM"]
[WhiteElo "2424"]
[BlackElo "2306"]
[WhiteFideId "3513157"]
[BlackFideId "5025931"]
[EventDate "2022.12.12"]

1. d4 Nf6 2. c4 e6 3. g3 d5 4. Bg2 dxc4 5. Nf3 Bd7 6. O-O Bc6 7. Nbd2 b5 8. Qc2
Be7 9. b3 cxb3 10. axb3 Bb7 11. Ba3 b4 12. Bb2 Nbd7 13. Rfd1 O-O 14. Ne5 Bxg2
15. Kxg2 Nxe5 16. dxe5 Nd5 17. e4 Nb6 18. Nf3 Qc8 19. Qc6 a5 20. Nd4 Rd8 21.
Rdc1 Bf8 22. Nb5 a4 23. bxa4 Rxa4 24. Rab1 Qd7 25. Nxc7 Qxc6 26. Rxc6 Nd7 27.
Nb5 Nc5 28. Bd4 0-1

[Event "9th Sunway Sitges 2022"]
[Site "Sitges ESP"]
[Date "2022.12.19"]
[Round "7.39"]
[White "Pablo Mari, Alejandro"]
[Black "Saydaliev, Saidakbar"]
[Result "1/2-1/2"]
[WhiteTitle "FM"]
[BlackTitle "FM"]
[WhiteElo "2338"]
[BlackElo "2419"]
[WhiteFideId "2200287"]
[BlackFideId "14203693"]
[EventDate "2022.12.12"]

1. e4 c5 2. Nf3 d6 3. Bb5+ Nd7 4. d4 cxd4 5. Qxd4 a6 6. Bxd7+ Bxd7 7. Nc3 Rc8 8.
O-O e5 9. Qd3 h6 10. Nd2 Qc7 11. Rd1 Nf6 12. Nf1 b5 13. Ne3 Be7 14. Bd2 Be6 15.
a4 b4 16. Ncd5 Bxd5 17. Nxd5 Nxd5 18. Qxd5 Rb8 19. c3 b3 20. Ra3 Qb7 21. Be3 O-O
22. a5 Bd8 23. Kf1 Bc7 24. Qxb7 Rxb7 25. Bb6 Bxb6 26. Rxb3 Rfb8 27. Rxb6 Rxb6
28. axb6 Rxb6 29. b4 Rc6 30. Ke2 Rxc3 31. Rxd6 Rc4 32. Kd3 Rxb4 33. Rxa6 Rb1 34.
h4 1/2-1/2

[Event "9th Sunway Sitges 2022"]
[Site "Sitges ESP"]
[Date "2022.12.19"]
[Round "7.40"]
[White "Gholami Orimi, Mahdi"]
[Black "Kristoferitsch, Daniel"]
[Result "1-0"]
[WhiteTitle "IM"]
[BlackTitle "FM"]
[WhiteElo "2415"]
[BlackElo "2286"]
[WhiteFideId "12558486"]
[BlackFideId "1642650"]
[EventDate "2022.12.12"]

1. c4 c5 2. Nf3 Nf6 3. Nc3 b6 4. e4 d6 5. d4 cxd4 6. Nxd4 Bb7 7. Bd3 e6 8. O-O
a6 9. Re1 Be7 10. b3 O-O 11. Bb2 Qc7 12. f4 Nc6 13. Nc2 Rfe8 14. Qf3 Rad8 15.
Qh3 Bc8 16. Ne3 h6 17. Rad1 Nb8 18. Ne2 Nbd7 19. Ng3 Nf8 20. e5 dxe5 21. fxe5
N6h7 22. Nh5 Bg5 23. Ng4 Qc5+ 24. Kh1 Kh8 25. Rf1 Rd7 26. Nf2 Bb7 27. Ng3 Red8
28. Nfe4 Bxe4 29. Nxe4 Qe3 30. Qxe3 Bxe3 31. Nd6 Kg8 32. b4 f6 33. Rf3 fxe5 34.
Bxe5 Bg5 35. c5 bxc5 36. bxc5 Rc7 37. Ne4 Rc6 38. Bc2 Rxd1+ 39. Bxd1 Nf6 40.
Nxf6+ Bxf6 41. Bd6 Nd7 42. Ba4 Rxc5 43. Bxc5 Nxc5 44. Bd1 Kf7 45. Ra3 Bd8 46.
Bh5+ Kf6 47. Re3 g5 48. Rf3+ Ke5 49. Rf7 Ne4 50. Be2 a5 51. Rh7 Bb6 52. g3 1-0

[Event "9th Sunway Sitges 2022"]
[Site "Sitges ESP"]
[Date "2022.12.19"]
[Round "7.41"]
[White "Castellanos Gomez, Alejandro"]
[Black "Moksh, Amit Doshi"]
[Result "1/2-1/2"]
[WhiteTitle "FM"]
[BlackTitle "IM"]
[WhiteElo "2277"]
[BlackElo "2414"]
[WhiteFideId "22284141"]
[BlackFideId "25064967"]
[EventDate "2022.12.12"]

1. d4 Nf6 2. c4 g6 3. Nc3 d5 4. Nf3 Bg7 5. Qb3 dxc4 6. Qxc4 O-O 7. e4 Na6 8. Be2
c5 9. d5 e6 10. O-O exd5 11. exd5 Re8 12. Rd1 Bf5 13. Nh4 Bd7 14. g3 b5 15. Nxb5
Re4 16. Nd4 Bc8 17. Qa4 Rxd4 18. Rxd4 cxd4 19. Bxa6 Bxa6 20. Qxa6 Qxd5 21. Bd2
Ne4 22. Rd1 d3 23. Be3 Rd8 24. Ng2 g5 25. f3 Nc5 26. Qb5 Ne6 27. Qxd5 Rxd5 28.
Ne1 Bxb2 29. Nxd3 Bd4 30. Nf2 Rd8 31. Bxd4 1/2-1/2

[Event "9th Sunway Sitges 2022"]
[Site "Sitges ESP"]
[Date "2022.12.19"]
[Round "7.42"]
[White "Nurgaliyev, Sauat"]
[Black "Willow, Jonah B"]
[Result "0-1"]
[WhiteTitle "CM"]
[BlackTitle "IM"]
[WhiteElo "2150"]
[BlackElo "2409"]
[WhiteFideId "13726285"]
[BlackFideId "438804"]
[EventDate "2022.12.12"]

1. e4 c5 2. Nf3 e6 3. d4 cxd4 4. Nxd4 a6 5. Bd3 Bc5 6. Nb3 Ba7 7. Qe2 Ne7 8. Be3
Nbc6 9. N1d2 O-O 10. O-O-O Nb4 11. Kb1 b5 12. Bxa7 Rxa7 13. Qe3 Rc7 14. Nf3 Bb7
15. Qd2 Nxd3 16. cxd3 f5 17. Rhe1 Qa8 18. Qb4 Ng6 19. Qd6 Rc6 20. Qd4 Qb8 21.
Nc5 Rd6 22. Qe3 Bc8 23. h4 fxe4 24. Nxe4 Rd5 25. g3 Bb7 26. Rc1 Qa8 27. Nd4 Ne5
28. f4 Ng4 29. Qg1 Qa7 30. Nb3 Qxg1 31. Rxg1 Bc6 32. Nec5 Nf2 33. Nxe6 Nxd3 34.
Nxf8 Nxc1 35. Kxc1 Kxf8 36. Rd1 Ke7 37. Nd4 Rc5+ 38. Kd2 b4 39. Rc1 Kd6 40. Rxc5
Kxc5 41. Nxc6 dxc6 42. Kd3 h5 43. Ke4 Kd6 44. a3 a5 45. f5 bxa3 46. bxa3 a4 47.
Kf4 c5 48. Ke4 Ke7 49. Ke5 c4 50. Kd4 Kf6 51. Kxc4 Kxf5 52. Kb4 Kg4 53. Kxa4
Kxg3 54. Kb5 Kxh4 55. a4 g5 56. a5 g4 57. a6 g3 58. a7 g2 59. a8=Q g1=Q 60. Qe4+
Qg4 61. Qe1+ Kg5 62. Qe7+ Kf4 63. Qd6+ Kf3 64. Qd5+ Kg3 65. Qe5+ Kf2 66. Qh2+
Ke1 67. Qh1+ Kd2 68. Qd5+ Ke3 69. Qe5+ Kf2 70. Qh2+ Kf3 71. Qh1+ Ke3 72. Qc1+
Kf2 73. Qc5+ Kg2 74. Qc2+ Kg3 75. Qc3+ Qf3 76. Qe5+ Kg2 77. Qg7+ Qg3 78. Qb2+
Kh3 79. Qe2 Qg5+ 80. Kc6 Qf6+ 81. Kb5 Qf5+ 82. Ka6 Qc8+ 83. Kb6 Qb8+ 84. Ka6
Qd6+ 85. Kb5 Qd5+ 86. Ka6 h4 87. Qe3+ Kg4 88. Qe2+ Qf3 89. Qe6+ Kg3 90. Qe5+ Kg2
91. Qg7+ Qg3 92. Qb7+ Kh2 93. Qb2+ Kh3 94. Qe2 Qa3+ 95. Kb5 Qb3+ 96. Ka6 Qa4+
97. Kb6 Qd4+ 98. Ka6 Kg3 99. Qe1+ Qf2 100. Qe5+ Kg2 101. Qe4+ Kg1 102. Qg4+ Kh2
103. Qe4 h3 104. Qe5+ Kg1 105. Qg5+ Kf1 106. Qc1+ Ke2 107. Qc2+ Kf3 108. Qf5+
Kg2 109. Qg5+ Kh1 110. Qd5+ Qg2 111. Qd1+ Kh2 112. Qd6+ Kg1 113. Qc5+ Qf2 114.
Qg5+ Kh2 115. Qe5+ Kh1 116. Qd5+ Qg2 117. Qd1+ Kh2 118. Qd6+ Kg1 119. Qc5+ Kf1
120. Qc1+ Kf2 121. Qd2+ Kf3 122. Qc3+ Kf4 123. Qf6+ Ke4 124. Qc6+ Kd4 125. Qf6+
Kc5 126. Qe7+ Kc4 127. Qe6+ Kd4 128. Qf6+ Ke3 129. Qc3+ Ke4 130. Qc4+ Ke5 131.
Qc5+ Ke6 132. Qc8+ Kf7 133. Qd7+ Kg6 134. Qe6+ Kh7 135. Qf7+ Qg7 136. Qf3 h2
137. Qh1 Qg1 138. Qb7+ Kh6 139. Qb2 Qg6+ 140. Kb5 h1=Q 141. Qh8+ Qh7 142. Qf6+
Kh5 143. Qe5+ Kg4 144. Qd4+ Q1e4 145. Qd1+ Kf5 146. Qf1+ Ke6 147. Qh3+ Qxh3 0-1

[Event "9th Sunway Sitges 2022"]
[Site "Sitges ESP"]
[Date "2022.12.19"]
[Round "7.43"]
[White "Sai Agni Jeevitesh, J"]
[Black "Bilych, Olexiy"]
[Result "0-1"]
[WhiteTitle "IM"]
[BlackTitle "FM"]
[WhiteElo "2226"]
[BlackElo "2401"]
[WhiteFideId "5070147"]
[BlackFideId "14156504"]
[EventDate "2022.12.12"]

1. d4 Nf6 2. Bg5 e6 3. e4 h6 4. Bxf6 Qxf6 5. c3 Nc6 6. e5 Qg6 7. Qd3 Qxd3 8.
Bxd3 b6 9. Nd2 Bb7 10. Ne2 O-O-O 11. f4 f5 12. h4 Be7 13. h5 Rdg8 14. Kf2 g5 15.
hxg6 Rxg6 16. Nf3 h5 17. g3 Nd8 18. Rh3 Nf7 19. Rah1 Nh6 20. Rxh5 Ng4+ 21. Ke1
Rhg8 22. Neg1 Ne3 23. R1h3 c5 24. Rh7 Kd8 25. dxc5 bxc5 26. c4 Be4 27. Bxe4 fxe4
28. Nd2 Ng2+ 29. Ke2 Rxg3 30. Rxg3 Rxg3 31. Nxe4 Nxf4+ 32. Kf2 Rg2+ 33. Kf3 Rxg1
34. Kxf4 Rf1+ 35. Ke3 Rf5 36. Rh8+ Kc7 37. Re8 Bg5+ 38. Nxg5 Rxg5 39. Kf4 Rg2
40. Ra8 Rxb2 41. Rxa7+ Kc6 42. a4 Rc2 43. a5 Rxc4+ 44. Ke3 Rd4 45. a6 Kb6 46.
Ra8 Ra4 47. Rd8 Kc6 48. Rc8+ Kd5 49. Rc7 Rxa6 50. Rxd7+ Kxe5 51. Rb7 Ra3+ 52.
Kd2 Kd5 53. Rd7+ Kc6 54. Re7 Kd6 55. Re8 e5 56. Rd8+ Kc6 57. Rc8+ Kd5 58. Rd8+
Kc4 59. Re8 Rd3+ 60. Ke2 Rd5 61. Ke3 Kc3 62. Ke4 Rd4+ 63. Kxe5 c4 64. Rh8 Rd1
65. Rc8 Kb3 66. Ke4 c3 67. Rb8+ Kc2 68. Ke3 Rd7 69. Rb6 Kc1 70. Ke2 c2 71. Rb8
Re7+ 72. Kd3 Kd1 73. Rh8 Rd7+ 0-1

[Event "9th Sunway Sitges 2022"]
[Site "Sitges ESP"]
[Date "2022.12.19"]
[Round "7.44"]
[White "Jinan, Jomon"]
[Black "Cheng, Bobby"]
[Result "0-1"]
[BlackTitle "GM"]
[WhiteElo "2271"]
[BlackElo "2583"]
[WhiteFideId "35002511"]
[BlackFideId "4300033"]
[EventDate "2022.12.12"]

1. e4 c5 2. Nf3 Nc6 3. Bb5 e5 4. O-O Bd6 5. d3 a6 6. Bc4 Nf6 7. a4 O-O 8. Nc3
Be7 9. Ne1 d6 10. f4 exf4 11. Bxf4 Be6 12. Nd5 Bxd5 13. Bxd5 Nxd5 14. exd5 Ne5
15. a5 Bf6 16. c3 Re8 17. Nf3 Qd7 18. Qc2 Ng6 19. Bg3 Ne7 20. Qb3 Nf5 21. Bf2
Qb5 22. Qxb5 axb5 23. Nd2 Ne3 24. Bxe3 Rxe3 25. Ne4 Be5 26. Rf3 Rxf3 27. gxf3 h6
28. Ng3 g6 29. Ne2 Bf6 30. Ra3 Kg7 31. Kf2 h5 32. f4 Ra6 33. b4 Ra8 34. Ke3 h4
35. d4 c4 36. Kf3 Bd8 37. Ng1 Ra6 38. Nh3 b6 39. Nf2 f5 40. Nd1 bxa5 41. Ne3 Ra7
42. Nc2 Bb6 43. Ra1 Kf7 44. Ke2 Kf6 45. Kf3 Kf7 46. Ke2 Bd8 47. h3 Kf6 48. Kf3
Kg7 49. Kf2 Kh6 50. Kf3 Kh5 51. Kf2 g5 52. Ne3 Kg6 53. fxg5 a4 54. Nc2 Bxg5 55.
Na3 Rb7 56. Rd1 Kf6 57. Nc2 Bf4 58. Kf3 Kg5 59. Rg1+ Bg3 60. Na3 Re7 61. Ra1 Be1
62. Nxb5 f4 63. Nxd6 Re3+ 64. Kg2 f3+ 65. Kf1 Bg3 66. Nxc4 Re2 67. Ne5 Kf4 68.
Ng4 a3 69. d6 a2 70. d7 Rb2 71. Rd1 Rb1 72. Nf2 Rxd1+ 73. Nxd1 a1=Q 0-1

[Event "9th Sunway Sitges 2022"]
[Site "Sitges ESP"]
[Date "2022.12.19"]
[Round "7.45"]
[White "Erdogmus, Yagiz Kaan"]
[Black "Md Imran"]
[Result "1-0"]
[WhiteTitle "IM"]
[BlackTitle "CM"]
[WhiteElo "2453"]
[BlackElo "2279"]
[WhiteFideId "44599790"]
[BlackFideId "25748580"]
[EventDate "2022.12.12"]

1. e4 c5 2. Nf3 Nc6 3. d4 cxd4 4. Nxd4 g6 5. Nc3 Bg7 6. Be3 Nf6 7. Bc4 Qa5 8.
O-O O-O 9. Bb3 d6 10. f3 Nd7 11. Nd5 Qd8 12. c3 e6 13. Nf4 Nc5 14. Nxc6 bxc6 15.
Bxc5 dxc5 16. Bc4 Qa5 17. Qe2 Rb8 18. g3 Qb6 19. Rf2 Rd8 20. Ng2 a5 21. a4 Rb7
22. f4 Kh8 23. Ne3 Rbd7 24. Rd1 Rxd1+ 25. Nxd1 f5 26. Ne3 fxe4 27. Qc2 e5 28.
fxe5 Qc7 29. e6 Qe5 30. Ng4 Qg5 31. Qxe4 h5 32. e7 Re8 33. Ne5 Kh7 34. Nxg6 Bf5
35. Rxf5 Qxg6 36. Bf7 1-0

[Event "9th Sunway Sitges 2022"]
[Site "Sitges ESP"]
[Date "2022.12.19"]
[Round "7.46"]
[White "Kaasen, Tor Fredrik"]
[Black "Romero Calduch, Sergio"]
[Result "1-0"]
[WhiteTitle "IM"]
[WhiteElo "2452"]
[BlackElo "2258"]
[WhiteFideId "1516647"]
[BlackFideId "2246848"]
[EventDate "2022.12.12"]

1. c4 e6 2. g3 d5 3. Bg2 Nf6 4. Nf3 Be7 5. d4 dxc4 6. Na3 c5 7. Nxc4 Nc6 8. Nfe5
Nxe5 9. dxe5 Qxd1+ 10. Kxd1 Nd5 11. a3 Bd7 12. Kc2 O-O-O 13. b3 Bc6 14. Bf3 Kc7
15. Na5 Bb5 16. Rd1 Ba6 17. h4 Nb6 18. Be3 Nd5 19. Bd2 Nb6 20. b4 Nc4 21. Bxb7
Nxa3+ 22. Rxa3 Bxb7 23. bxc5 Rd5 24. Nxb7 Kxb7 25. Bb4 Rxd1 26. Kxd1 Ra8 27. c6+ 1-0

[Event "9th Sunway Sitges 2022"]
[Site "Sitges ESP"]
[Date "2022.12.19"]
[Round "7.47"]
[White "Benmesbah, Natacha"]
[Black "Boyer, Mahel"]
[Result "0-1"]
[WhiteTitle "WIM"]
[BlackTitle "IM"]
[WhiteElo "2268"]
[BlackElo "2434"]
[WhiteFideId "642002"]
[BlackFideId "45102422"]
[EventDate "2022.12.12"]

1. e4 e6 2. Qe2 c5 3. Nf3 Nc6 4. g3 g6 5. Bg2 Bg7 6. O-O Nge7 7. c3 e5 8. d3 O-O
9. Be3 b6 10. c4 d6 11. Nc3 f5 12. exf5 gxf5 13. Bg5 Rb8 14. Nd5 Qe8 15. Bxe7
Nxe7 16. Ng5 Nc6 17. Nc7 Nd4 18. Bd5+ Kh8 19. Qd1 Qe7 20. Qh5 Bf6 21. Nf7+ Rxf7
22. Qxf7 Qxf7 23. Bxf7 Rb7 24. Ne8 Rxf7 25. Nxd6 Rf8 26. f3 Be6 27. Rae1 Rd8 28.
f4 exf4 29. Rxe6 Nxe6 30. Nf7+ Kg7 31. Nxd8 Bxd8 32. gxf4 Bc7 0-1

[Event "9th Sunway Sitges 2022"]
[Site "Sitges ESP"]
[Date "2022.12.19"]
[Round "7.48"]
[White "Bulmaga, Irina"]
[Black "Rajarishi, Karthi"]
[Result "1/2-1/2"]
[WhiteTitle "IM"]
[BlackTitle "CM"]
[WhiteElo "2432"]
[BlackElo "2239"]
[WhiteFideId "13903063"]
[BlackFideId "5092523"]
[EventDate "2022.12.12"]

1. e4 e6 2. d4 d5 3. Nc3 Bb4 4. e5 c5 5. a3 Bxc3+ 6. bxc3 Qc7 7. h4 Ne7 8. h5 h6
9. Rb1 Nbc6 10. Qg4 Nf5 11. Bd3 cxd4 12. cxd4 Ncxd4 13. Bb2 Qc5 14. Ne2 Nxe2 15.
Qxe2 Bd7 16. Kf1 O-O-O 17. Rh3 Bc6 18. Bxf5 exf5 19. Rc3 Qb6 20. Rb3 Qc5 21. Rc3
Qb6 22. Qd3 d4 23. Rb3 Qc5 24. Rb4 Qxe5 25. Bxd4 Qd5 26. f3 f6 27. Qc3 Kb8 28.
Bf2 Ka8 29. Rd4 Qe5 30. Re1 Qc7 31. Kg1 Rxd4 32. Qxd4 b6 33. Re6 Bb7 34. Qa4 Kb8
35. Be3 Qd8 36. Bf4+ Ka8 37. Rd6 Qe7 38. Kh2 Rd8 39. Rxb6 Bxf3 40. Rb3 Bd5 41.
Re3 Be4 42. Qa5 Qd7 43. c4 Rc8 44. c5 Qd1 45. Qa6 Qxh5+ 46. Rh3 Qe8 47. Rb3 Qh5+
48. Rh3 Qe8 49. Rb3 Qh5+ 1/2-1/2